=LDR 00000nam 2200000 4500 =001 NUTBA000000000001785 =005 20140517161235.0 =006 =007 =008 =020 ##$$a 979-3288-15-9 =035 ##$$0010-051400000000250 =082 ##$$a 610.734 =100 ##$$a WAHIT IQBAL MUBARAK =245 ##$$a PENGANTAR KEPERAWATAN KOMUNITAS =260 ##$$a Jakarta $b SAGUNG SETO $c 2005 =850 ##$$a NBPNMAT =990 ##$$a 21400384/BPAP-NTB/2014 =990 ##$$a 0001/BPAP-NTB/20142015